| 000 | 00693nam a2200205Ii 4500 | ||
|---|---|---|---|
| 003 | JO-AjNU | ||
| 008 | 230605s9999||||xx |||||||||||||| ||und|| | ||
| 040 |
_aJO-AjNU _bara _erda _cJO-AjNU |
||
| 041 | _aara | ||
| 050 | 1 | 4 | _aHM221 .F3912 1969 |
| 100 | 3 |
_aفركس، فكتور ؛ تعريب: اميل خليل بيدس, _eauthor _914343 |
|
| 245 | 0 | 0 | _aالانسان التقني = Technological man |
| 264 | 3 | 1 | _aبيروت: دار الافاق الجديدة، 1969 |
| 300 | _a159ص | ||
| 336 |
_atext _btxt _2rdacontent |
||
| 337 |
_aunmediated _bn _2rdamedia |
||
| 338 |
_avolume _bnc _2rdacarrier |
||
| 490 | 0 | _aافاق جديدة | |
| 650 | 4 |
_aالتغيير الاجتماعي _914344 |
|
| 999 |
_aA3802 _c7370 _d7370 |
||